| 000 | 00629nam a2200181 a 4500 | ||
|---|---|---|---|
| 001 | 000036243 | ||
| 005 | 20200930075630.0 | ||
| 008 | 120111s1989 cu 000 0 spa d | ||
| 040 |
_aDO-SdBNP _bspa _cBNPHU |
||
| 082 |
_axxx _bM294 |
||
| 245 | 0 | 0 |
_aManual de psiquiatria : _bPara el médico de la familia / _cAlberto Clavijo Portieles ... [et. al.]. |
| 260 |
_aLa Habana, Cuba : _bCiencias Médicas, _c1989. |
||
| 300 |
_a179 p. ; _c23 cm. |
||
| 700 | 1 |
_aRodríguez Sánchez, Jorge _962327 |
|
| 700 | 1 |
_aAlonso Betancourt, Orlando _962328 |
|
| 700 | 1 |
_aDelgado Rodríguez, Lázaro _962329 |
|
| 700 | 1 |
_aAlonso García, Orlando _962330 |
|
| 999 |
_c35734 _d35734 |
||